000
00265nam a22000977a 4500
999
_c
515604
_d
515604
082
_a
TNC T19x91 C361
100
_a
Chandra, Satish
_9
21294
245
_a
Indonesia :
_b
A new beginning ?
_c
edited by Satish Chandra
260
_a
New Delhi
_b
Sterling
_c
2002
300
_a
300p.